| 000 | 00451nam a2200181Ia 4500 | ||
|---|---|---|---|
| 001 | 9206 | ||
| 005 | 20260306160706.0 | ||
| 008 | 260306t2017||||xx |||||||||||||| ||spa|| | ||
| 041 | _aESP | ||
| 082 |
_a375.001 _bS17 |
||
| 100 |
_aSalcedo Barragán, Mileidy _eAUT |
||
| 245 | 0 |
_aCurrículo: _bcómo preparar clases de excelencia |
|
| 260 | _c2017 | ||
| 300 |
_a151 páginas : _c24 cm. |
||
| 650 | _aGEN | ||
| 654 | _aCED | ||
| 942 |
_cLIB _dJUS _fJUS _2ddc _n |
||
| 999 |
_c9206 _d9206 |
||